[Event "TCh-CHN 2018"]
[Site "China CHN"]
[Date "2018.08.25"]
[Round "15.3"]
[Board "2"]
[White "Lan, Zilun"]
[Black "Xu, Yi"]
[Result "0-1"]
[BlackTitle "IM"]
[WhiteElo "2333"]
[BlackElo "2533"]
[WhiteTeam "Zhejiang Chess Team"]
[BlackTeam "China Mobil Shanghai Chess Club"]
[WhiteFideId "8604193"]
[BlackFideId "8605564"]
[EventDate "2018.04.11"]

1. d4 Nf6 2. c4 e6 3. Nf3 d5 4. Nc3 a6 5. Bg5 dxc4 6. e4 b5 7. e5 h6 8. Bh4 g5
9. Nxg5 hxg5 10. Bxg5 Nbd7 11. Be2 Bb7 12. Bf3 Nxe5 13. Bxb7 Nd3+ 14. Kf1 Rb8
15. Be4 Qxd4 16. Bxd3 cxd3 17. Bxf6 Qxf6 18. Qxd3 Bg7 19. g3 Rd8 20. Qe2 b4 21.
Na4 Qg5 22. Kg2 Qd5+ 23. f3 Qd2 24. Kf1 Rh5 25. Re1 Qh6 26. f4 Rhd5 27. h4 Qg6
28. Rg1 Rd2 29. Qxa6 Qc2 0-1

[Event "TCh-CHN 2018"]
[Site "China CHN"]
[Date "2018.08.25"]
[Round "15.3"]
[Board "3"]
[White "Xu, Minghui"]
[Black "Ni, Hua"]
[Result "0-1"]
[BlackTitle "GM"]
[WhiteElo "2313"]
[BlackElo "2683"]
[WhiteTeam "Zhejiang Chess Team"]
[BlackTeam "China Mobil Shanghai Chess Club"]
[WhiteFideId "8606790"]
[BlackFideId "8601160"]
[EventDate "2018.04.11"]

1. d4 d6 2. Nf3 Nf6 3. c4 g6 4. g3 Bg7 5. Bg2 Bf5 6. O-O O-O 7. Nh4 Be4 8. Bxe4
Nxe4 9. f3 Nf6 10. e4 c5 11. d5 b5 12. cxb5 a6 13. Nc3 Nfd7 14. a4 axb5 15. Nxb5
Na6 16. Qe2 Nc7 17. Nc3 Qb8 18. Ng2 Qa7 19. Bd2 Rfb8 20. Rfb1 Rb3 21. Ne3 Rab8
22. Qd1 Rxb2 23. Nb5 Rxb1 24. Rxb1 Nxb5 25. Rxb5 Rxb5 26. axb5 Bd4 27. Kf1 Bxe3
28. Bxe3 Qa2 29. Qe2 Qb3 30. Kg2 Nb6 31. Bh6 f6 32. g4 Kf7 33. g5 fxg5 34. Bxg5
Nc4 35. b6 Nxb6 36. Qa6 Qb2+ 37. Kg3 Qb1 38. h4 Qg1+ 39. Kh3 Qf2 40. Qxb6 Qxf3+
41. Kh2 Qxe4 42. Qb3 c4 43. Qe3 Qxe3 44. Bxe3 Kf6 45. Bg5+ Ke5 46. Bxe7 c3 47.
Kg3 Kxd5 48. Kf3 c2 49. Bg5 Kc4 50. Ke2 Kb3 51. Bc1 Ka2 52. Kd2 Kb1 53. Ba3 h6
54. Kd3 c1=Q 55. Bxc1 Kxc1 56. Kd4 0-1

[Event "TCh-CHN 2018"]
[Site "China CHN"]
[Date "2018.08.25"]
[Round "15.3"]
[Board "4"]
[White "Ju, Wenjun"]
[Black "Zhu, Jiner"]
[Result "1/2-1/2"]
[WhiteTitle "GM"]
[BlackTitle "WIM"]
[WhiteElo "2568"]
[BlackElo "2379"]
[WhiteTeam "China Mobil Shanghai Chess Club"]
[BlackTeam "Zhejiang Chess Team"]
[WhiteFideId "8603006"]
[BlackFideId "8608059"]
[EventDate "2018.04.11"]

1. d4 Nf6 2. Nf3 e6 3. Bf4 d5 4. e3 c5 5. c3 Nc6 6. Nbd2 Bd6 7. Bg3 O-O 8. Bb5
Ne7 9. Bd3 Ng6 10. Ne5 Qc7 11. f4 b5 12. a3 Qb6 13. h4 Ne7 14. h5 a5 15. Bh4 Nd7
16. g4 f6 17. Qc2 f5 18. Ndf3 Nf6 19. g5 Ne4 20. g6 h6 21. Nf7 c4 22. Bxe4 dxe4
23. Nxd6 Qxd6 24. Bxe7 Qxe7 25. Ne5 a4 26. Rd1 Bb7 27. Kf2 Bd5 28. Kg3 Ra7 29.
Rd2 Rc8 30. Rdd1 Ra6 31. Rd2 Ra7 32. Rdd1 Ra6 33. Rd2 Ra7 1/2-1/2

[Event "TCh-CHN 2018"]
[Site "China CHN"]
[Date "2018.08.25"]
[Round "15.3"]
[Board "5"]
[White "Ni, Shiqun"]
[Black "Ding, Yixin"]
[Result "1/2-1/2"]
[WhiteTitle "WGM"]
[BlackTitle "WGM"]
[WhiteElo "2436"]
[BlackElo "2429"]
[WhiteTeam "China Mobil Shanghai Chess Club"]
[BlackTeam "Zhejiang Chess Team"]
[WhiteFideId "8608466"]
[BlackFideId "8602972"]
[EventDate "2018.04.11"]

1. e4 c5 2. Nf3 Nc6 3. Bb5 g6 4. O-O Bg7 5. Re1 e5 6. Bxc6 dxc6 7. d3 Qe7 8. a4
Nf6 9. Nbd2 Nd7 10. Nc4 O-O 11. Be3 Rd8 12. Qc1 Nf8 13. Bh6 f6 14. Qe3 Ne6 15.
Bxg7 Kxg7 16. h4 Nd4 17. Nxd4 cxd4 18. Qg3 Be6 19. b3 Bxc4 20. bxc4 h5 21. Reb1
Rd7 22. f4 exf4 23. Qxf4 Qe5 24. Qxe5 fxe5 25. c5 a5 26. Rb3 Re8 27. Rf1 Rc7 28.
Rbb1 Rb8 29. Rb6 Rd8 30. Rbb1 Rb8 31. Rb6 Rd8 1/2-1/2

[Event "TCh-CHN 2018"]
[Site "China CHN"]
[Date "2018.08.25"]
[Round "15.4"]
[Board "1"]
[White "Li, Yankai"]
[Black "Zhou, Weiqi"]
[Result "1/2-1/2"]
[BlackTitle "GM"]
[WhiteElo "2427"]
[BlackElo "2597"]
[WhiteTeam "Tianjin Team"]
[BlackTeam "Chongqing Team"]
[WhiteFideId "8609357"]
[BlackFideId "8601674"]
[EventDate "2018.04.11"]

1. d4 Nf6 2. c4 g6 3. Nc3 Bg7 4. e4 O-O 5. Be2 d6 6. Bg5 Na6 7. Qd2 e5 8. d5 Nc5
9. b4 Ncxe4 10. Nxe4 Nxe4 11. Bxd8 Nxd2 12. Bxc7 Ne4 13. f3 Nc3 14. Bxd6 Re8 15.
Rc1 e4 16. f4 b5 17. cxb5 Bb7 18. Bc4 Red8 19. Bc5 Bxd5 20. Bxd5 Rxd5 21. Ne2
Nxb5 22. a4 Nd4 23. Nxd4 Bxd4 24. Ke2 Bxc5 25. Rxc5 Rd4 26. Rb1 Rb8 27. Ra5
Rbxb4 28. Rxb4 Rxb4 29. Rxa7 Rb2+ 30. Kf1 Kf8 31. Ra5 Ra2 32. h4 Kg7 33. g3 f5
34. h5 Kh6 35. hxg6 hxg6 36. g4 fxg4 37. Rg5 Rxa4 38. Rxg4 Ra3 39. Ke2 Rf3 40.
Ke1 Re3+ 41. Kf2 Rh3 42. Ke2 Rd3 43. Rg5 Rf3 44. Rg4 Kg7 45. f5 Rxf5 46. Rxe4
Kh6 47. Rh4+ Kg5 48. Rh1 Rf4 49. Rg1+ Kf5 50. Ke3 g5 51. Ra1 Kg6 52. Rg1 Rf5 53.
Ke4 Kf6 54. Ke3 Kg6 55. Ke4 Rf6 56. Ke3 Rf7 57. Ke4 Rf5 58. Ke3 Kh5 59. Ke4 Rf2
60. Rh1+ Kg6 61. Rg1 Rf5 62. Ke3 Rf8 63. Ke4 Rf4+ 64. Ke3 Kh5 65. Rh1+ Rh4 66.
Rg1 Rf4 67. Rh1+ Rh4 68. Rg1 Rh3+ 69. Kf2 Kh4 70. Ra1 Rg3 71. Rh1+ Kg4 72. Ra1
Kh3 73. Rh1+ Kg4 74. Ra1 Rb3 75. Kg2 Rb2+ 76. Kg1 Rb3 77. Kg2 Rb2+ 78. Kg1 Kh4
79. Ra4+ g4 80. Ra3 1/2-1/2

[Event "TCh-CHN 2018"]
[Site "China CHN"]
[Date "2018.08.25"]
[Round "15.4"]
[Board "2"]
[White "Malakhov, Vladimir"]
[Black "Zeng, Chongsheng"]
[Result "1/2-1/2"]
[WhiteTitle "GM"]
[BlackTitle "GM"]
[WhiteElo "2654"]
[BlackElo "2535"]
[WhiteTeam "Tianjin Team"]
[BlackTeam "Chongqing Team"]
[WhiteFideId "4120787"]
[BlackFideId "8603847"]
[EventDate "2018.04.11"]

1. g3 Nf6 2. Bg2 d5 3. Nf3 g6 4. c4 Bg7 5. Qa4+ Nc6 6. Ne5 Qd6 7. Nxc6 Bd7 8.
cxd5 Nxd5 9. O-O Bxc6 10. Qb3 a5 11. a3 h5 12. d4 Nb6 13. Bxc6+ Qxc6 14. Be3 h4
15. Nd2 a4 16. Qd3 Nd5 17. Nf3 hxg3 18. fxg3 Qa6 19. Qd2 O-O-O 20. Bf2 Bh6 21.
e3 f6 22. Rfe1 e5 23. Qc2 exd4 24. Nxd4 Rhe8 25. Qxg6 Bxe3 26. Qf5+ Kb8 27. Qf3
Bxf2+ 28. Qxf2 Re5 29. Rad1 Rde8 30. Rxe5 Rxe5 31. Rd2 Qc4 32. Nc2 c5 33. h4 f5
34. Ne1 f4 35. Nd3 Re4 36. Nxc5 Ne3 37. Nd3 fxg3 38. Qxg3+ Ka7 39. Qf3 Rg4+ 40.
Kf2 Qd4 41. Ke1 Rg1+ 42. Ke2 Nc4 43. Qf2 Qxf2+ 44. Kxf2 Rh1 45. Re2 Rxh4 46. Nc5
Rh2+ 47. Ke1 Rxe2+ 48. Kxe2 Nxb2 49. Kd2 b6 50. Ne4 b5 51. Kc3 Nc4 52. Kb4 Kb6
53. Nc3 Nxa3 54. Nxa4+ 1/2-1/2

[Event "TCh-CHN 2018"]
[Site "China CHN"]
[Date "2018.08.25"]
[Round "15.4"]
[Board "3"]
[White "Wang, Yue"]
[Black "Ganguly, Surya Shekhar"]
[Result "1-0"]
[WhiteTitle "GM"]
[BlackTitle "GM"]
[WhiteElo "2683"]
[BlackElo "2615"]
[WhiteTeam "Tianjin Team"]
[BlackTeam "Chongqing Team"]
[WhiteFideId "8601429"]
[BlackFideId "5002150"]
[EventDate "2018.04.11"]

1. Nf3 Nf6 2. c4 e6 3. g3 d5 4. Bg2 c5 5. cxd5 Nxd5 6. Nc3 Nc6 7. Nxd5 Qxd5 8.
b3 e5 9. O-O e4 10. Ne1 Bg4 11. Nc2 O-O-O 12. Ne3 Qd4 13. Ba3 Bh5 14. Nc4 f5 15.
Bb2 Qd7 16. Re1 Be7 17. d3 Qc7 18. Qc1 Nd4 19. Bxd4 cxd4 20. dxe4 Bb4 21. Qg5
Bxe1 22. Qxf5+ Kb8 23. Qxh5 Bc3 24. Rd1 g6 25. Qf3 d3 26. exd3 Rhf8 27. Qe2 Bd4
28. Rf1 Qc5 29. e5 Rd7 30. b4 Qxb4 31. Kh1 g5 32. e6 Re7 33. Qe4 Bg7 34. a3 Qb3
35. f4 gxf4 36. gxf4 Rd8 37. f5 Bf6 38. Ne5 Qb2 39. Ng4 Rc8 40. Nxf6 Qxf6 41. d4
Ka8 42. Qe5 Qf8 43. f6 Rec7 44. e7 Qf7 45. Qd5 Qe8 46. Qe6 Rc1 47. f7 1-0

[Event "TCh-CHN 2018"]
[Site "China CHN"]
[Date "2018.08.25"]
[Round "15.4"]
[Board "4"]
[White "Tan, Zhongyi"]
[Black "Khotenashvili, Bela"]
[Result "1/2-1/2"]
[WhiteTitle "GM"]
[BlackTitle "GM"]
[WhiteElo "2513"]
[BlackElo "2477"]
[WhiteTeam "Chongqing Team"]
[BlackTeam "Tianjin Team"]
[WhiteFideId "8603642"]
[BlackFideId "13602640"]
[EventDate "2018.04.11"]

1. e4 c6 2. d4 d5 3. e5 Bf5 4. Nf3 e6 5. Be2 Nd7 6. O-O h5 7. a4 Be7 8. a5 g5 9.
c4 g4 10. Ne1 Bxb1 11. Rxb1 Qxa5 12. b4 Qc7 13. cxd5 cxd5 14. Bf4 f5 15. Nd3 b5
16. Rc1 Qb7 17. Qc2 Kf7 18. Qc7 Qxc7 19. Rxc7 Nb6 20. Ra1 h4 21. Nc5 a6 22. Nxe6
Kxe6 23. Rc6+ Kf7 24. Rxb6 Bxb4 25. Bxb5 Ne7 26. Bd7 a5 27. Rc1 Ra7 28. Be6+ Kg7
29. Bg5 Kg6 30. Bf6 Rh7 31. h3 Bd2 32. Rd1 Bg5 33. hxg4 fxg4 34. Rf1 Bxf6 35.
exf6 Nf5 36. Bxd5 Rh8 37. Be4 Rf7 38. Rc1 Re8 39. f3 gxf3 40. gxf3 Rxf6 41. Rcc6
Rf8 42. d5 Kg5 43. d6 Nd4 44. Rc5+ Kf4 45. Rxa5 Rd8 46. Kf2 Rdxd6 47. Rb4 h3 48.
Rh5 Rh6 49. Rxh6 Rxh6 50. Rxd4 h2 51. Rd5 h1=N+ 52. Kg2 Ng3 53. Bd3 Nh5 54. Kf2
Ng7 55. Rd4+ Ke5 56. Ra4 Rd6 57. Be4 Rb6 58. Kg3 Nf5+ 59. Kg4 Nd6 60. f4+ Kf6
61. Bd3 Nf7 62. Ra5 Nh6+ 63. Kh5 Nf7 64. Ra7 Rc6 65. Bg6 Rc5+ 66. f5 Nd6 67. Ra6
Rd5 68. Kh6 Rd2 69. Kh7 Kg5 70. Ra5 Rf2 71. Kg7 Nxf5+ 72. Bxf5 1/2-1/2

[Event "TCh-CHN 2018"]
[Site "China CHN"]
[Date "2018.08.25"]
[Round "15.4"]
[Board "5"]
[White "Lei, Tingjie"]
[Black "Xiao, Yiyi"]
[Result "1/2-1/2"]
[WhiteTitle "GM"]
[BlackTitle "WFM"]
[WhiteElo "2457"]
[BlackElo "2295"]
[WhiteTeam "Chongqing Team"]
[BlackTeam "Tianjin Team"]
[WhiteFideId "8605114"]
[BlackFideId "8606161"]
[EventDate "2018.04.11"]

1. e4 e5 2. Nf3 Nc6 3. Bb5 Nf6 4. d3 Bc5 5. c3 O-O 6. Bxc6 bxc6 7. Nxe5 d5 8. d4
Bd6 9. Nxc6 Qe8 10. e5 Qxc6 11. O-O Ng4 12. exd6 Qxd6 13. g3 Qg6 14. Bf4 Ba6 15.
Re1 Rae8 16. Nd2 Rxe1+ 17. Qxe1 Bb5 18. Qe7 Re8 19. Qxc7 Qf5 20. c4 dxc4 21. a4
c3 22. Qxc3 Bd7 23. Qf3 g5 24. Bc7 Qc2 25. Ba5 Qxb2 26. Rb1 Qxd4 27. Bc3 Qc5 28.
Ba1 f5 29. Nb3 Qc2 30. Rc1 Qe4 31. Qxe4 fxe4 32. Rc7 e3 33. fxe3 Rxe3 34. Rxd7
Rxb3 35. Bd4 Rd3 36. Rd8+ Kf7 37. Bf6 Ra3 38. Bxg5 Rxa4 39. h3 Ne5 40. Bf4 Ng6
41. Be3 a5 42. Rd7+ Kg8 43. Bd4 Kf8 44. Bc5+ Kg8 45. Ra7 Ne5 46. Kg2 Ra2+ 47.
Kf1 a4 48. h4 Ng4 49. Ke1 h5 50. Bd4 Ra3 51. Ra5 Rxg3 52. Rxh5 Nh2 53. Kf2 Rd3
54. Rg5+ Kh7 55. Rg7+ Kh6 56. Rd7 Ng4+ 57. Ke2 Rh3 58. Ra7 a3 59. Kd2 Rh2+ 60.
Kc3 Rxh4 61. Bc5 Ne5 62. Bxa3 Rh3+ 63. Kc2 Kg6 64. Bd6 Nc4 65. Bc5 Kf5 66. Re7
Ne5 67. Re8 Nc4 68. Bd4 Kf4 69. Ba7 Kf5 1/2-1/2

[Event "TCh-CHN 2018"]
[Site "China CHN"]
[Date "2018.08.25"]
[Round "15.5"]
[Board "1"]
[White "Wan, Yunguo"]
[Black "Lin, Yi"]
[Result "1/2-1/2"]
[WhiteTitle "GM"]
[WhiteElo "2529"]
[BlackElo "2359"]
[WhiteTeam "Hebei sports lottery chess team"]
[BlackTeam "Hangzhou Turbine Team"]
[WhiteFideId "8603189"]
[BlackFideId "8609659"]
[EventDate "2018.04.11"]

1. e4 c6 2. Ne2 d5 3. e5 c5 4. d4 Nc6 5. c3 Bg4 6. dxc5 e6 7. f3 Bf5 8. b4 a5 9.
Nd4 axb4 10. Bb5 Qc7 11. cxb4 Qxe5+ 12. Kf2 Be7 13. Nc3 Nf6 14. Nxc6 Qxc3 15.
Bd2 Qb2 16. Nd4+ Kf8 17. Nxf5 exf5 18. Qe2 Qd4+ 19. Qe3 Qxe3+ 20. Bxe3 Ne8 21.
a4 Nc7 22. c6 Bxb4 23. cxb7 Rb8 24. Rab1 f4 25. Bxf4 Bc5+ 26. Kg3 Rxb7 27. Rhc1
g5 28. Be5 f6 29. Bxf6 Bd6+ 30. Kf2 Rg8 31. Bc6 Rxb1 32. Rxb1 Bc5+ 33. Ke2 Rg6
34. Rb8+ Kf7 35. Rb7 Kxf6 36. Rxc7 Ke5 37. Bb5 Kd4 38. Rxh7 Kc3 39. Rc7 Re6+ 40.
Kd1 Kb4 41. Rd7 Re5 42. Kc2 Bg1 43. h3 d4 44. Rc7 Re1 45. Rc4+ Ka5 46. Rc8 Be3
47. Kd3 Rg1 48. Rc2 Rd1+ 49. Ke4 Re1 50. Kd5 Rd1 51. Ra2 Bg1 52. Ke4 Re1+ 53.
Kf5 Be3 54. Bd3 Bf4 55. Be2 Rg1 56. Bb5 Be3 57. Rc2 Rd1 58. Ke4 Bg1 59. Rc8 Rd2
60. g3 Rg2 61. g4 Rh2 62. Rh8 Be3 63. Ra8+ Kb4 64. Bd3 Ra2 65. Rb8+ Kc3 66. Bb5
Ra1 67. Rc8+ Kb4 68. Rb8 Kc3 69. Rh8 Bf2 70. Rc8+ Kd2 71. f4 Re1+ 72. Kf3 Bh4
73. f5 Re3+ 74. Kg2 d3 75. Re8 Rg3+ 76. Kh2 Kc2 77. a5 d2 78. Ba4+ Kc1 79. Rc8+
Kb1 80. Bc2+ Kc1 81. a6 Ra3 82. f6 Bg3+ 83. Kg2 Bd6 84. Ba4+ 1/2-1/2

[Event "TCh-CHN 2018"]
[Site "China CHN"]
[Date "2018.08.25"]
[Round "15.5"]
[Board "2"]
[White "Balogh, Csaba"]
[Black "Zou, Chen"]
[Result "1/2-1/2"]
[WhiteTitle "GM"]
[BlackTitle "FM"]
[WhiteElo "2629"]
[BlackElo "2384"]
[WhiteTeam "Hebei sports lottery chess team"]
[BlackTeam "Hangzhou Turbine Team"]
[WhiteFideId "718939"]
[BlackFideId "8610959"]
[EventDate "2018.04.11"]

1. e4 c5 2. Ne2 Nc6 3. d4 cxd4 4. Nxd4 Nf6 5. Nc3 d6 6. Bg5 e6 7. Qd2 a6 8.
O-O-O Bd7 9. f3 Be7 10. Be3 h5 11. Kb1 Qc7 12. Bd3 b5 13. Nxc6 Bxc6 14. Ne2 d5
15. e5 Nd7 16. f4 Nb6 17. Qa5 Bd8 18. Bc5 Nd7 19. Qxc7 Bxc7 20. Bf2 g6 21. b3
Bd8 22. Kb2 Be7 23. Nd4 Bb7 24. c3 Nc5 25. Bc2 Ne4 26. Be3 Rc8 27. Ne2 Rc7 28.
Bb6 Rc6 29. Bd4 Rc8 30. Rhf1 b4 31. cxb4 Bxb4 32. Bd3 Nc5 33. Bb1 Nd7 34. Rc1
O-O 35. g3 Rfd8 36. Rxc8 Rxc8 37. Rc1 Rxc1 38. Nxc1 Kf8 39. a3 Be7 40. b4 Ke8
41. Nb3 Kd8 42. Na5 Kc8 43. Bd3 Bd8 44. Nb3 Be7 45. Kc3 Kc7 46. h3 Bf8 47. Na5
Nb8 48. a4 Be7 49. Kb3 Nd7 50. Nxb7 Kxb7 51. a5 Bf8 52. Ka4 Be7 53. Be2 Bf8 54.
Bf1 Be7 55. Bd3 Bf8 56. Be2 Be7 57. Bf1 Bf8 58. Kb3 Be7 59. Be2 Bf8 60. Kc3 Be7
61. b5 Nc5 62. bxa6+ Nxa6 63. Bb5 Nc7 64. Bd7 Ka6 65. Bb6 Na8 66. Be8 Nxb6 67.
axb6 Bc5 68. Kd3 Bf2 69. g4 hxg4 70. hxg4 Bg3 71. Bxf7 Bxf4 72. Kd4 Kxb6 73.
Bxe6 Kc6 74. Bxd5+ Kd7 75. Bf7 g5 76. Kd5 Ke7 77. Bg6 Bc1 78. Bf5 Bd2 79. Ke4
Bc1 80. Bc8 Bf4 81. Kd4 1/2-1/2

[Event "TCh-CHN 2018"]
[Site "China CHN"]
[Date "2018.08.25"]
[Round "15.5"]
[Board "3"]
[White "Zhang, Ziji"]
[Black "Xiang, Zeyu"]
[Result "1/2-1/2"]
[WhiteElo "2393"]
[BlackElo "2435"]
[WhiteTeam "Hebei sports lottery chess team"]
[BlackTeam "Hangzhou Turbine Team"]
[WhiteFideId "8609470"]
[BlackFideId "8608547"]
[EventDate "2018.04.11"]

1. d4 d5 2. c4 e6 3. Nc3 Nf6 4. Nf3 Be7 5. Bf4 O-O 6. e3 Nbd7 7. a3 c5 8. cxd5
Nxd5 9. Nxd5 exd5 10. dxc5 Nxc5 11. Be5 Bf6 12. Be2 Bf5 13. O-O Be4 14. Bxf6
Qxf6 15. Nd4 Ne6 16. Rc1 Rac8 17. Qd2 Nxd4 18. Qxd4 Qxd4 19. exd4 Rfd8 20. Rfe1
Bf5 21. g4 Be6 22. f4 g6 23. Kf2 Kf8 24. Kf3 h6 25. Bd3 Bd7 26. h3 Rxc1 27. Rxc1
Rc8 28. Re1 Re8 29. Re5 f6 30. Rxe8+ Bxe8 31. g5 fxg5 32. fxg5 hxg5 33. Kg4 Bd7+
34. Kxg5 Bxh3 35. Kf6 g5 36. Bf5 Bf1 37. Bc8 Ba6 38. Ke5 Ke7 39. b3 Kd8 40. Bg4
b6 41. Kf6 Kc7 1/2-1/2

[Event "TCh-CHN 2018"]
[Site "China CHN"]
[Date "2018.08.25"]
[Round "15.5"]
[Board "4"]
[White "Zhao, Shengxin"]
[Black "Danielian, Elina"]
[Result "1-0"]
[WhiteTitle "WFM"]
[BlackTitle "GM"]
[WhiteElo "2133"]
[BlackElo "2426"]
[WhiteTeam "Hangzhou Turbine Team"]
[BlackTeam "Hebei sports lottery chess team"]
[WhiteFideId "8608040"]
[BlackFideId "13300210"]
[EventDate "2018.04.11"]

1. d4 e6 2. Nf3 Nf6 3. g3 b5 4. Bg2 Bb7 5. O-O Be7 6. a4 b4 7. c3 a5 8. Nbd2 O-O
9. Qc2 Na6 10. e4 d5 11. exd5 bxc3 12. bxc3 Bxd5 13. Rd1 c5 14. c4 Nb4 15. Qc3
cxd4 16. Nxd4 Bxg2 17. Kxg2 Rc8 18. Bb2 Qb6 19. Nb5 Rfd8 20. Nb3 h6 21. c5 Bxc5
22. Nxc5 Rxd1 23. Rxd1 Rxc5 24. Qf3 Qc6 25. Rd8+ Kh7 26. Qxc6 Rxc6 27. Bxf6 gxf6
28. Rd7 Kg6 29. Nd6 h5 30. Nb7 Rc2 31. Nxa5 Ra2 32. Nb7 f5 33. Nd8 Nc2 34. Nxf7
Kf6 35. Nd8 Rxa4 36. Rf7+ Ke5 37. Rh7 Ne1+ 38. Kf1 Ra1 39. Rh6 Nd3+ 40. Ke2 Nc5
41. Nf7+ Kd5 42. Rxh5 Ra2+ 43. Kf1 Nd3 44. Rh8 Rxf2+ 45. Kg1 Rd2 46. Ng5 e5 47.
h4 e4 48. Re8 Ra2 49. h5 Ra1+ 50. Kg2 Ne1+ 51. Kh3 Nf3 52. Ne6 Kd6 53. Nf4 Ra2
54. g4 fxg4+ 55. Kxg4 Rh2 56. Re6+ Kc5 57. Rxe4 Nd4 58. Kg5 Nf3+ 59. Kg6 Nh4+
60. Kf6 Nf3 61. Kg7 Nh4 62. Re5+ Kd4 63. Re2 Rh1 64. Ne6+ Kd3 65. Nf4+ Kd4 66.
Ne6+ Kd3 67. Rf2 Ke3 68. Rf6 Ke4 69. Ng5+ Ke5 70. Nf7+ Ke4 71. Nd6+ Ke5 72. h6
Rg1+ 73. Kf7 Rh1 74. Nc4+ Kd5 75. Ne3+ Ke4 76. Ng4 Kd4 77. Kg7 Rg1 78. h7 Rxg4+
79. Kf7 Nf3 80. h8=Q Ne5+ 81. Ke6 Rg5 82. Rf4+ Kd3 83. Qxe5 1-0

[Event "TCh-CHN 2018"]
[Site "China CHN"]
[Date "2018.08.25"]
[Round "15.5"]
[Board "5"]
[White "Zhou, Zirun"]
[Black "Zhai, Mo"]
[Result "1/2-1/2"]
[BlackTitle "WGM"]
[WhiteElo "2152"]
[BlackElo "2352"]
[WhiteTeam "Hangzhou Turbine Team"]
[BlackTeam "Hebei sports lottery chess team"]
[WhiteFideId "8610975"]
[BlackFideId "8600201"]
[EventDate "2018.04.11"]

1. d4 Nf6 2. c4 e6 3. Nc3 Bb4 4. Bd2 O-O 5. Nf3 d5 6. e3 Re8 7. Be2 c6 8. O-O
Ba5 9. Qc2 Nbd7 10. a4 Bc7 11. h3 a5 12. Rfd1 h6 13. e4 dxe4 14. Nxe4 Qe7 15.
Bc3 e5 16. Nxf6+ Qxf6 17. Qe4 Qf4 18. Qxf4 exf4 19. Bd3 Nf6 20. Re1 Be6 21. b3
Red8 22. Rad1 Bd6 23. Nh4 Bb4 24. Bxb4 axb4 25. Bf5 Bd7 26. Re7 g6 27. Bxd7 Rxd7
28. Rxd7 Nxd7 29. Re1 Rd8 30. Nf3 g5 31. g3 fxg3 1/2-1/2

[Event "TCh-CHN 2018"]
[Site "China CHN"]
[Date "2018.08.25"]
[Round "15.6"]
[Board "1"]
[White "Yu, Yangyi"]
[Black "Cheparinov, Ivan"]
[Result "0-1"]
[WhiteTitle "GM"]
[BlackTitle "GM"]
[WhiteElo "2764"]
[BlackElo "2711"]
[WhiteTeam "Beijing Beiao team"]
[BlackTeam "Shenzhen Longgang Chess association"]
[WhiteFideId "8603820"]
[BlackFideId "2905540"]
[EventDate "2018.04.11"]

1. d4 Nf6 2. c4 e6 3. g3 d5 4. Bg2 Be7 5. Nf3 O-O 6. O-O dxc4 7. Qc2 b6 8. Bg5
Nd5 9. Bxe7 Qxe7 10. Nbd2 b5 11. b3 c3 12. Ne4 b4 13. a3 f5 14. Nc5 Nc6 15. axb4
Ncxb4 16. Qc1 Bd7 17. Nxd7 Qxd7 18. Ra5 Rfb8 19. Ne5 Qe8 20. Qa3 Rb5 21. Rc1 a6
22. e3 c5 23. dxc5 Rxa5 24. Qxa5 Qb5 25. Qxb5 axb5 26. Bxd5 Nxd5 27. b4 Kf8 28.
Nc6 Ra4 29. Kf1 Ke8 30. Ke1 Kd7 31. Ne5+ Kc7 32. Nd3 g5 33. h4 h6 34. hxg5 hxg5
35. f3 e5 36. c6 Nxb4 37. Rxc3 Nxd3+ 38. Rxd3 Kxc6 39. Rd8 g4 40. e4 fxe4 41.
fxg4 Ra3 42. g5 Rxg3 43. Rg8 e3 44. Ke2 Kd5 45. Kd3 e4+ 46. Ke2 Kd4 47. g6 Rg2+
48. Ke1 Kd3 49. Rd8+ Kc3 50. Rc8+ Kb4 51. Rg8 e2 52. Kd2 e3+ 53. Ke1 Kb3 54. Rb8
b4 55. Rg8 Kb2 56. Rg7 b3 57. Rg8 Kb1 58. g7 b2 0-1

[Event "TCh-CHN 2018"]
[Site "China CHN"]
[Date "2018.08.25"]
[Round "15.6"]
[Board "2"]
[White "Li, Chao b"]
[Black "Liu, Qingnan"]
[Result "1-0"]
[WhiteTitle "GM"]
[BlackTitle "GM"]
[WhiteElo "2703"]
[BlackElo "2538"]
[WhiteTeam "Beijing Beiao team"]
[BlackTeam "Shenzhen Longgang Chess association"]
[WhiteFideId "8604436"]
[BlackFideId "8603294"]
[EventDate "2018.04.11"]

1. d4 Nf6 2. c4 e6 3. g3 d5 4. Bg2 dxc4 5. Nf3 Nc6 6. Nc3 Rb8 7. Qa4 Bb4 8. O-O
O-O 9. Qb5 Bxc3 10. bxc3 Qd5 11. a4 a6 12. Qb2 Qh5 13. h3 Bd7 14. Qa2 Qa5 15.
Qxc4 b5 16. Qd3 bxa4 17. Nd2 Qb5 18. c4 Qa5 19. e4 e5 20. d5 Nb4 21. Qc3 Nc6 22.
Bb2 Qb6 23. Rfb1 Nd4 24. Qd3 Qxb2 25. Rxb2 Rxb2 26. f4 Nb3 27. Nxb3 Rxb3 28. Qd2
Rxg3 29. Kh2 Nh5 30. fxe5 Rb8 31. c5 c6 32. Rxa4 g5 33. Rb4 Re8 34. Rb7 Bc8 35.
Rb8 h6 36. dxc6 Rxg2+ 37. Qxg2 Nf4 38. Qd2 Ne6 39. Qd6 Kg7 40. c7 h5 41. Qd8
Nxd8 42. Rxc8 Ne6 43. Rxe8 Nxc7 44. Re7 Nb5 45. c6 Kf8 46. c7 1-0

[Event "TCh-CHN 2018"]
[Site "China CHN"]
[Date "2018.08.25"]
[Round "15.6"]
[Board "3"]
[White "Wang, Yiye"]
[Black "Zhou, Jianchao"]
[Result "0-1"]
[WhiteTitle "IM"]
[BlackTitle "GM"]
[WhiteElo "2437"]
[BlackElo "2617"]
[WhiteTeam "Beijing Beiao team"]
[BlackTeam "Shenzhen Longgang Chess association"]
[WhiteFideId "8606021"]
[BlackFideId "8603537"]
[EventDate "2018.04.11"]

1. Nf3 c5 2. c4 Nc6 3. d4 cxd4 4. Nxd4 Nf6 5. Nc3 e6 6. e4 Bb4 7. Nxc6 bxc6 8.
Bd3 d6 9. O-O O-O 10. Qe2 Bxc3 11. bxc3 Nd7 12. Rd1 Ba6 13. c5 Bxd3 14. Qxd3
Nxc5 15. Qc4 Qc7 16. e5 Nb7 17. exd6 Nxd6 18. Qf4 Nb5 19. Qxc7 Nxc7 20. Ba3 Rfd8
21. c4 f6 22. Kf1 e5 23. Rab1 Ne6 24. Rd6 Rxd6 25. Bxd6 Rd8 26. c5 Rd7 27. a4
Kf7 28. Rb8 Nd4 29. a5 Ke6 30. a6 Nb5 31. Bf8 Nc7 32. Rc8 Kd5 0-1

[Event "TCh-CHN 2018"]
[Site "China CHN"]
[Date "2018.08.25"]
[Round "15.6"]
[Board "4"]
[White "Ushenina, Anna"]
[Black "Wang, Yu A."]
[Result "1/2-1/2"]
[WhiteTitle "GM"]
[BlackTitle "IM"]
[WhiteElo "2440"]
[BlackElo "2303"]
[WhiteTeam "Shenzhen Longgang Chess association"]
[BlackTeam "Beijing Beiao team"]
[WhiteFideId "14110911"]
[BlackFideId "8601097"]
[EventDate "2018.04.11"]

1. d4 f5 2. Bg5 g6 3. Nf3 Bg7 4. Nc3 Nf6 5. Bxf6 Bxf6 6. e4 fxe4 7. Nxe4 Bg7 8.
d5 c6 9. Bc4 Qa5+ 10. c3 cxd5 11. Bxd5 Nc6 12. O-O e6 13. Nd6+ Ke7 14. Bb3 Qc7
15. Nxc8+ Raxc8 16. Qe2 Na5 17. Rfd1 Rhf8 18. Rd3 Nxb3 19. axb3 a6 20. Rad1 Rcd8
21. b4 Rf5 22. Qe4 Rf4 23. Qe3 Rf5 24. Nd4 Bxd4 25. Qxd4 d5 26. Qh4+ Kf8 27. Re1
Re8 28. g3 Qf7 29. Qd4 Kg8 30. f4 g5 31. fxg5 Rf8 32. Rdd1 Rf2 33. Qe3 e5 34.
Qxe5 Rg2+ 35. Kxg2 Qf3+ 36. Kh3 Qh5+ 37. Kg2 Qf3+ 38. Kh3 Qh5+ 1/2-1/2